College Football Cities: Ivy League - Statistics

General Stats
  • This quiz has been taken 56 times
  • The average score is 6 of 8
Answer Stats
School City % Correct
_________ Princeton, NJ
86%
Columbia New York, NY
84%
Brown Providence, RI
78%
Harvard Cambridge, MA
73%
Pennsylvania Philadelphia, PA
73%
Yale New Haven, CT
71%
Cornell Ithaca, NY
65%
Dartmouth Hanover, NH
45%
No matching quizzes found
Score Distribution
Percent of People with Each Score
Percentile by Number Answered
Your Score History
You have not taken this quiz